Flags that look African - Statistics

General Stats
  • This quiz has been taken 38 times
  • The average score is 9 of 11
Answer Stats
Picture Answer % Correct
Portugal
100%
Grenada
94%
Lithuania
94%
Myanmar
94%
Saint Kitts and Nevis
87%
Bolivia
84%
Guyana
84%
Suriname
84%
Tajikistan
84%
Vanuatu
77%
French Guiana
39%
No matching quizzes found
Score Distribution
Percent of People with Each Score
Percentile by Number Answered
Your Score History
You have not taken this quiz